000 00370nam a2200145Ia 4500
008 230917s9999||||xx |||||||||||||| ||und||
040 _e98271
_aMAIN
041 _aEnglish
082 _a327.54073 K897U
100 _aKrishnan, T V Kunhi
245 0 _aUnfriendly friends India and America
260 _aNew Delhi
_bIndian Book
_c1974
300 _a271 p.
942 _cBK
999 _c166232
_d166232